000 00950cad a22002295a 4500
001 L158182
008 141006s2014 xxk f 000 0 eng d
035 _a(Sirsi) u158182
041 0 _aeng
110 2 _aUnited Kingdom
_kLaws, etc.
_95044
245 0 0 _aImmigration Act 2014
_h[electronic resource]
260 _aLondon
_bHMSO
_c2014
520 _aReceived Royal Assessent on 14 May 2014. Deals with a range of immigration issues including Part 3 requiring landlords to undertake pre-letting immigration status checks on perspective tenants. Schedule 3 lists excluded residential tenancy agreements.
590 _aKA
650 2 4 _aIMMIGRATION ACT 2014
651 4 _aUnited Kingdom
_y
690 _aResidential property
_96266
690 _aProperty management
_96262
690 _aLeasing/Letting
_96253
856 4 0 _uhttps://www.legislation.gov.uk/ukpga/2014/22/contents
_zView the item free of charge at www.legislation.gov.uk
942 _n0
999 _c115188
_d115188